O velké transakci musím vědět

Larry Weinbach /predseda a generálny riaditeľ Unisys - spoločnosti pre informačné technológie/ - popisuje ťažký život amerických vrcholových manažérov. Výklad Weinbachovho modelu corporate governance v Unisys.

Salvato in:
Dettagli Bibliografici
Autore principale: Fiala, Zbyněk
Natura: Capitolo di libro
Lingua:ceco
Soggetti:
Tags: Aggiungi Tag
Nessun Tag, puoi essere il primo ad aggiungerne!!

MARC

LEADER 00000naa a2200000 4500
001 r049527
005 20231004071313.8
041 0 |a cze 
044 |a CZ 
245 1 0 |a O velké transakci musím vědět  |c Zbyněk Fiala 
520 |a Larry Weinbach /predseda a generálny riaditeľ Unisys - spoločnosti pre informačné technológie/ - popisuje ťažký život amerických vrcholových manažérov. Výklad Weinbachovho modelu corporate governance v Unisys. 
610 2 0 |a správa podniku 
610 2 0 |a riadenie podnikové 
610 2 0 |a USA 
100 1 |a Fiala, Zbyněk